| 000 | 00933cam a2200301 a 4500 | ||
|---|---|---|---|
| 001 | 2317 | ||
| 005 | 20250410154140.0 | ||
| 020 | _a0060094559 | ||
| 020 | _a9780060094584 | ||
| 020 | _a0060094575 | ||
| 040 |
_aDLC _cDLC _dDLC _beng |
||
| 050 | 0 | 0 |
_aPZ7.C179 _bBitc 2004 |
| 082 | 0 | 0 |
_a813.6 _221 |
| 100 | 1 |
_aCapucilli, Alyssa Satin _d1957- |
|
| 245 | 1 | 0 |
_aBiscuit wins a prize / _cstory by Alyssa Satin Capucilli ; pictures by Pat Schories. |
| 260 |
_aNew York : _bHarperCollins, _c2004 |
||
| 300 |
_a24 pages : _bIllustrations _c22 cm |
||
| 490 | 1 | _aMy first I can read book | |
| 505 | _aD | ||
| 520 | _aBiscuit, a small puppy, gets excited when he is entered in a pet show. | ||
| 521 |
_a190
_bLexile |
||
| 521 |
_aD
_bRaz-Plus |
||
| 650 | 1 |
_aDogs _vFiction. |
|
| 650 | 1 |
_aPet shows _vFiction. |
|
| 700 | 1 |
_aSchories, Pat _eillustrator |
|
| 906 |
_a7 _bcbc _corignew _d1 _eecip _f20 _gy-gencatlg |
||
| 942 |
_2ddc _cBK _n0 |
||
| 999 |
_c2317 _d2317 |
||